00288 a2200133 450000100060000002000270000604000240003310000170005724000180007424500130009230000090010536200090011465000310012347237 a9788574063591 (broch.) cAnchieta - Aquarius aFisher, Jeff10aCabelos lpor10aCabelos  a28p.0 a2009 4aLiteratura infanto-juvenil